000 00984nam a2200289 i 4500
001 000048236
003 DO-SdBNP
005 20241118123940.0
007 ta
008 181207s2015 dr r 001 0 spa d
020 _a9789945586541
040 _aDO-SdBNP
_bspa
_cBNPHU
_erda
082 _axxxx
_bL879
_222
245 0 4 _aLos comandos :
_b(Abril de 1965) /
_ccompilador Bonaparte Gautreaux Piñeiro ; edición Juan Francisco Domínguez Novas.
264 _aSanto Domingo :
_bArchivo General de la Nación,
_c2015.
300 _a437 Páginas ;
_c27 CM.
336 _ardacontent
_btexto
_2txt
337 _ardamedia
_bsin mediación
_2n
338 _ardacarier
_bvolumen
_2nc
490 1 _aArchivo General de la Nación
_v255
590 _aInventariado, 2019/BT
700 1 _aGautreaux Piñeyro, Bonaparte,
_ecompilador
_928986
700 1 _aDominguez Novas, Juan Francisco,
_eed.
_973382
830 0 _aArchivo General de la Nación
_n255
_975676
910 _aBT
942 _2ddc
_cLBS1
999 _c47724
_d47724